000 00463nam a22001697a 4500
005 20240319123007.0
008 240319b |||||||| |||| 00| 0 eng d
022 _a0258249X
041 _aEnglish
082 _a349 IND
100 _lEnglish
245 _aIndustrial Law Journal
260 _aCape Town :
_bJuta and Company Ltd,
_c1996
300 _b212 pages ;
_c25 cm.
650 _aLegal practice
_bLaw
942 _cCR
_6ALISON_BN_VRIES
999 _c1472
_d1472